| 000 | 01034nam a2200277 i 4500 | ||
|---|---|---|---|
| 001 | 178025 | ||
| 003 | ES-MaACL | ||
| 005 | 20231218150758.0 | ||
| 008 | 110512s2003 sp |||| | spa d | ||
| 016 | _2AL-96-2003 | ||
| 020 | _a8481082805 | ||
| 080 | _a821.134.2-31"19" | ||
| 100 | 1 |
_aSiles, Manuel, _d1921-1984 _9106340 |
|
| 245 | 1 | 4 |
_aLas cuevas del cementerio / _cManuel Siles Artés ; prólogo, edición y notas, Antonio Fernández Gil "Kayros". |
| 260 |
_aAlmería : _bInstituto de Estudios Almerienses, _c2003. |
||
| 300 |
_a320 p. : _b1 fot. ; _c21 cm. |
||
| 490 | 1 |
_aCreación literaria ; _v27 |
|
| 700 | 1 |
_aFernández Gil, Antonio. _9146510 |
|
| 710 | 2 |
_aInstituto de Estudios Almerienses. _94887 |
|
| 830 | 0 |
_aCreación literaria ; _v27 _9178462 |
|
| 852 |
_aES-MaACL _9184884 _bR.146375 _jA-11166 _dOlim: N-4171 _cDEPO1 _xDonación: José Siles Artes |
||
| 903 |
_aSiles Artés, José, _d1930- _ednr _9106341 |
||
| 942 |
_2udc _cMONOGRAFIA |
||
| 999 |
_c178025 _d178025 |
||